000
00462nam a2200145Ia 4500
008
100204s9999 xx 000 0 und d
082
_b
16031
100
_a
फडणीस गजानन
245
_a
तो राजहंस एक
260
_b
"श्री जिवदानी प्रकाशन, वसई"
_c
1992
300
_a
226
630
_a
तो राजहंस एक
730
_a
तो राजहंस एक
942
_c
BOOK
999
_c
460454
_d
460451